00233nam a2200109Ia 4500008004100000041001200041082001500053100001300068245002400081260000900105650000900114221030s9999 xx 000 0 und d aEnglish a105.23bBE aR. Sahoo 0aC++ ProjectbFLOPPY c1997 aBook